Curso sobre carbón vegetal para Centro América

Bibliographic Details
Main Author: Organización Latinoamericana de Energía
Format: Section = Libro
Language:Undetermined
Spanish
Published: Guatemala OLADE 1983
Subjects:
LEADER 00516nam a2200181Ia 4500
008 240830s9999 xx 000 0 und d
040 |a CEDOC FIQ-RUSB / 662.74 C977 
041 |a spa 
082 |a 662.74 C977 
100 1 |a Organización Latinoamericana de Energía 
245 1 0 |a Curso sobre carbón vegetal para Centro América 
260 |a Guatemala  |b OLADE  |c 1983 
300 |a 286 p. :il 
650 7 |a CARBON VEGETAL 
650 7 |b  ECONOMIA Y EFICIENCIA DEL CARBON 
942 |c BK  |2 ddc 
991 |a TEXTO 
999 |c 13210